000 00359 a2200157 4500
001 56954
020 _a8530501306
040 _cAnchieta - Pituba
100 _aNicolelis, Giselda Laporta
240 1 0 _aPredadores da inocĂȘncia
_lpor
245 1 0 _aPredadores da inocĂȘncia
300 _a166
362 0 _a1997
650 4 _aLiteratura juvenil
942 _cBK
999 _c56954
_d56954